000 00912nas a2200265 4500
001 BR8801064
003 BR-BrBNA
005 20231205091040.0
007 ta
008 230509b bl.|||p| |||| 00| 00por d
040 _aBR-BrBNA
_bpor
_cBiblioteca Nacional de Agricultura
041 _a(Pt)
072 _aH20; F03
100 1 _aBedendo, I.P.
100 1 _aCardoso, C.O.N.
245 1 _aIncidencia de Fusarium moniliforme em sementes de diferentes cultivares de milho e seus efeitos na germinacao
_bParte de tese
246 1 _aIncidence of Fusarium moniliforme in corn seeds of different varieties and its effects on germination
650 _aMILHO
650 _aSEMENTE
650 _aFUNGO
650 _aGERMINACAO
773 0 _tSumma Phytopathologica (Brazil)
_xISSN 0100-5405
_g(Jul-Dec 1987), v. 13(3-4) p. 210-221
_wBR8801064
909 _a202311
_bLúcia
_c55
_dLúcia Elande
942 _2AGRIS
_n0
_cANA
999 _c122407
_d122407